| 000 | 00641nam a2200241Ia 4500 | ||
|---|---|---|---|
| 005 | 20260121112944.0 | ||
| 008 | 10144 260114s9999 xx 000 0 eng d | ||
| 020 | _a9789814261036 | ||
| 037 | _aEBOOK | ||
| 040 |
_aCRL _beng _cCRL |
||
| 041 |
_aeng _2eng |
||
| 084 | _qCRL | ||
| 100 |
_aZhang Yuan Zhong _9965910 |
||
| 245 | 0 | _aSpecial Relativity and Its Experimental Foundation | |
| 260 | _bWorld Scientific | ||
| 260 | _bWSPC | ||
| 260 | _c1997 | ||
| 650 |
_aPhysics _9965911 |
||
| 856 | _uhttps://www.worldscientific.com/worldscibooks/10.1142/3180#t=toc | ||
| 942 | _cEBOOK | ||
| 999 |
_c1547444 _d1547444 |
||